Astrología / (Record no. 168582)

MARC details
000 -LEADER
campo de control de longitud fija 00633nam a22002055i 4500
001 - NÚMERO DE CONTROL
campo de control 168582
003 - IDENTIFICADOR DE NÚMERO DE CONTROL
campo de control ES-MaACL
005 - FECHA Y HORA DE LA ÚLTIMA TRANSACCIÓN
campo de control 20250822162350.0
008 - DATOS DE LONGITUD FIJA--INFORMACIÓN GENERAL
campo de control de longitud fija 080422s1968 sp |||| | spa d
080 ## - NÚMERO DE LA CLASIFICACIÓN DECIMAL UNIVERSAL
Número de la Clasificación Decimal Universal 133.52
100 1# - ENTRADA PRINCIPAL--NOMBRE DE PERSONA
Nombre de persona MacNeice, Louis.
9 (RLIN) 137670
245 10 - MENCIÓN DEL TÍTULO
Título Astrología /
Mención de responsabilidad, etc. Louis MacNeice ; [versión... de Domingo Manfredi Cano].
250 ## - MENCION DE EDICION
Mención de edición [1ª ed.].
260 ## - PUBLICACIÓN, DISTRIBUCIÓN, ETC.
Lugar de publicación, distribución, etc. Barcelona :
Nombre del editor, distribuidor, etc. Caralt,
Fecha de publicación, distribución, etc. 1968.
300 ## - DESCRIPCIÓN FÍSICA
Extensión 351 p. :
Otras características físicas il. ;
Dimensiones 26 cm.
650 17 - PUNTO DE ACCESO ADICIONAL DE MATERIA--TÉRMINO DE MATERIA
Término de materia o nombre geográfico como elemento de entrada Astrología
Fuente del encabezamiento o término embne
9 (RLIN) 10384
700 1# - ENTRADA AGREGADA--NOMBRE PERSONAL
Nombre de persona Manfredi Cano, Domingo,
Fechas asociadas al nombre 1918-1998
9 (RLIN) 75997
852 ## - LOCALIZACIÓN
Ubicación ES-MaACL
Número de control de estantería C-37391
itemnumber R.71552
Holdings
Estatus retirado Estado de pérdida Estado de daño No para préstamo Biblioteca de origen Biblioteca actual Ubicación en estantería Fecha de adquisición Fuente de adquisición Total de préstamos Signatura topográfica completa Código de barras Visto por última vez Precio de reemplazo Tipo de ítem Koha
        Biblioteca del Ateneo de Madrid Biblioteca del Ateneo de Madrid Depósito 2 22/04/2008     C-37391 1176908 23/02/2023 23/02/2023 Libro impreso